[Event "Open A"]
[Site "Lido Estensi ITA"]
[Date "2000.05.30"]
[Round "4"]
[White "Mrdja,M"]
[Black "Razuvaev,Y"]
[Result "1/2-1/2"]
[WhiteElo "2425"]
[BlackElo "2548"]

1.e4 c5 2.Nf3 e6 3.d4 cxd4 4.Nxd4 Nc6 5.Nc3 Qc7 6.Be2 a6 7.O-O Nf6 8.Kh1 Be7
9.f4 d6 10.Be3 O-O 11.Qe1 Nxd4 12.Bxd4 b5 13.a3 Bb7 14.Qg3 Bc6 15.Bf3 Rad8
16.Rae1 Qb7 17.b4 Rc8 18.Re2 Qd7 19.Rd1 Qc7 20.e5 dxe5 21.fxe5 Bxf3 22.Qxf3 Nd7
23.Rd3 f5 24.Qh5 Rfd8 25.Qf3 Nb6 26.Nd1 Nc4 27.h3 Qc6 28.Qf2 Rd7 29.Rb3 Rcd8
30.c3 Bg5 31.Nb2 a5 32.bxa5 Nxa5 33.Rb4 Be7 34.Bb6 Ra8 35.Rd4 Rb7 36.Bxa5 Rxa5
37.c4 Rxa3 38.cxb5 Rxb5 39.Nd3 Rd5 40.Rxd5 Qxd5 41.Nf4 Qc6 42.Rc2 Rc3 43.Rxc3 Qxc3
44.Nxe6 Qa1+ 45.Qg1 Qxe5 46.Nd4 Qe4 47.Nf3 h5 48.Qc1 h4 49.Ng5 Bxg5 50.Qxg5 Kf7
51.Qh5+ Kf6 52.Qd1 Ke5 53.Qd2 Qd4 54.Qe1+ Kf6 55.Qc1 g5 56.Qe1 Qe5 57.Qd1 Kg6  1/2-1/2

[Event "Master Open"]
[Site "Lausanne SUI"]
[Date "2000.05.31"]
[Round "1"]
[White "Bonnet,E1"]
[Black "Yu Mingyuan"]
[Result "0-1"]
[WhiteElo "2108"]
[BlackElo "2419"]

1.e4 c5 2.Nf3 e6 3.d4 cxd4 4.Nxd4 Nc6 5.Nc3 Qc7 6.Be2 a6 7.O-O Nf6 8.Be3 Bb4
9.Na4 Be7 10.Bf3 Ne5 11.Nb3 Nc4 12.Qd4 Nxe3 13.Qxe3 d6 14.c4 Bd7 15.Nb6 Rd8
16.Rac1 O-O 17.Rfd1 Bc6 18.Nd5 Bxd5 19.cxd5 Qd7 20.Qb6 Rb8 21.Rc7 Bd8 22.Rxd7 Bxb6
23.Rxd6 Bc7 24.dxe6 Bxd6 25.exf7+ Rxf7 26.Rxd6 Rd7 27.e5 Rxd6 28.exd6 b6
29.Be2 Rd8 30.Bxa6 Rxd6 31.g3 Rd1+ 32.Kg2 Rb1 33.Bc4+ Kf8 34.Nd4 Rxb2 35.Kf3 Rb4
36.Ne6+ Ke7  0-1

[Event "ch-IND"]
[Site "Mumbai IND"]
[Date "2000.05.31"]
[Round "14"]
[White "Sareen,V"]
[Black "Kunte,A"]
[Result "0-1"]
[WhiteElo "2351"]
[BlackElo "2487"]

1.e4 c5 2.Nf3 Nc6 3.d4 cxd4 4.Nxd4 e6 5.Nc3 Qc7 6.Be2 a6 7.O-O Nf6 8.Be3 d6
9.Kh1 Be7 10.f4 O-O 11.Qe1 Nxd4 12.Bxd4 b5 13.a3 Bb7 14.Qg3 Bc6 15.Rae1 Rae8
16.e5 dxe5 17.Bxe5 Qc8 18.Bd3 g6 19.Qh3 Nd7 20.Ne4 Bxe4 21.Rxe4 f5 22.Ree1 Nxe5
23.fxe5 Rd8 24.Qh6 Rd4 25.Rf4 Rfd8 26.Rxd4 Rxd4 27.Qe3 Qd7 28.Qf3 Rd5 29.a4 Bb4
30.Re3 bxa4 31.Bxa6 Rd1+ 32.Bf1 Qd4 33.Rd3 Rxd3 34.Qxd3 Qxb2 35.Qa6 Qxe5
36.Qxa4 Bc5 37.Qe8+ Kg7 38.Qd7+ Kh6 39.Qd2+ g5 40.g3 Kg6 41.Qd3 Bb6 42.g4 Qc5
43.gxf5+ exf5 44.Qg3 h5 45.h3 g4 46.hxg4 hxg4 47.c4 Kg5 48.Be2 Qd4 49.Qg2 Qa1+
50.Bf1 Qd4 51.Be2 Qh8+ 52.Qh2 Qa1+ 53.Kg2 Qe1  0-1

[Event "ch-IND"]
[Site "Mumbai IND"]
[Date "2000.06.01"]
[Round "15"]
[White "Saravanan,V"]
[Black "Thipsay,P"]
[Result "1-0"]
[WhiteElo "2412"]
[BlackElo "2475"]

1.e4 c5 2.Nf3 e6 3.d4 cxd4 4.Nxd4 Nc6 5.Nc3 Qc7 6.Be3 a6 7.Qd2 Nf6 8.f3 b5
9.g4 d6 10.O-O-O Bb7 11.Kb1 Be7 12.h4 Nd7 13.Rh3 b4 14.Nce2 Nde5 15.Nc1 Nxd4
16.Bxd4 Rc8 17.g5 O-O 18.b3 d5 19.exd5 Bxd5 20.Bg2 Nc6 21.Bb2 Rfd8 22.Nd3 e5
23.Re1 Be6 24.Rhh1 Nd4 25.Bxd4 Rxd4 26.Bh3 Rxh4 27.Bxe6 fxe6 28.Rhg1 Bd6
29.Rg2 Rf8 30.Rge2 Rd4 31.Re4 Rxf3 32.Rxd4 exd4 33.Qe2 Qf7 34.Qxe6 Bf8 35.Qxf7+ Kxf7
36.Ne5+ Ke6 37.Nxf3+ Kf5 38.Nxd4+ Kg4 39.Ne6 Bd6 40.Rf1 g6 41.Rf7 Be5 42.Rxh7 Kf5
43.Nf8 Kxg5 44.Ra7 Kf5  1-0

[Event "zt 2.4"]
[Site "Sao Paulo BRA"]
[Date "2000.06.06"]
[Round "2"]
[White "Ramos,Er"]
[Black "Gauche,C"]
[Result "0-1"]
[WhiteElo "2280"]
[BlackElo "2310"]

1.e4 c5 2.Nf3 e6 3.d4 cxd4 4.Nxd4 Nc6 5.Nc3 Qc7 6.Be3 a6 7.Qd2 Nf6 8.f3 Bb4
9.a3 Be7 10.Bd3 b5 11.O-O Bb7 12.Kh1 Ne5 13.Bg1 Nc4 14.Bxc4 Qxc4 15.Nb3 Qc7
16.Bd4 e5 17.Be3 d5 18.exd5 Rd8 19.Qf2 Nxd5 20.Nxd5 Rxd5 21.Bb6 Qc8 22.Rad1 O-O
23.Rxd5 Bxd5 24.Rd1 Qe6 25.Nd2 Qg6 26.Nf1 Qc6 27.Ba5 Bc5 28.Ne3 Qh6 29.Re1 Rc8
30.Qd2 Be6 31.Bc3 Bb6 32.Qe2 f6 33.Nf1 Qg6 34.Qe4 Qxe4 35.fxe4 Rc4 36.Nd2 Rc6
37.Nf3 a5 38.h3 Bc7 39.Re2 Bc8 40.Rd2 Rc4 41.Rd5 Rxe4 42.Rxb5 Ba6 43.Rd5 a4
44.Rd7 Rc4 45.Nd2 Rc6 46.Kg1 Bb6+ 47.Kh2 Bc8 48.Rd5 Bf5 49.g4 Bxc2 50.g5 Bf5
51.gxf6 gxf6 52.Rb5 Kf7 53.Nc4 Rxc4 54.Rxb6 Rh4 55.Rb4 Rxb4 56.axb4 Bd3 57.Kg3 Ke6
58.Kg4 Be2+ 59.Kg3 Kd5 60.Kf2 Bb5 61.Ke3 Kc4 62.Be1 Bc6 63.Bh4 f5 64.Bf6 f4+
65.Kf2 Kd4 66.Bg7 Ke4  0-1

[Event "ch-IND Women"]
[Site "Mumbai IND"]
[Date "2000.06.07"]
[Round "2"]
[White "Shah,P"]
[Black "Singh,Ne"]
[Result "1-0"]
[WhiteElo "2138"]
[BlackElo "2019"]

1.e4 c5 2.Nf3 e6 3.d4 cxd4 4.Nxd4 Nc6 5.Nc3 Qc7 6.Be2 a6 7.O-O Nf6 8.Kh1 b5
9.Nxc6 dxc6 10.Qd3 Be7 11.f4 Bb7 12.e5 Nd5 13.Nxd5 cxd5 14.Be3 O-O 15.Bd4 f5
16.exf6 Bxf6 17.Bg4 Rae8 18.Rae1 Bxd4 19.Qxd4 e5 20.fxe5 Rxf1+ 21.Rxf1 Qxe5
22.Qf2 Qe7 23.c3 a5 24.Qb6 Qe1 25.Qxb5 Bc6 26.Qd3 Re3 27.Qf5 Re8 28.Qf7+ Kh8
29.Be6  1-0

[Event "Guillermo Garcia Premier I"]
[Site "Santa Clara CUB"]
[Date "2000.06.07"]
[Round "12"]
[White "De la Paz,F"]
[Black "Teran Alvarez,I"]
[Result "1-0"]
[WhiteElo "2462"]
[BlackElo "2401"]

1.e4 c5 2.Nf3 e6 3.d4 cxd4 4.Nxd4 Nc6 5.Nc3 Qc7 6.Be3 a6 7.Bd3 Nf6 8.O-O h5
9.h3 b5 10.Nxc6 Qxc6 11.Re1 b4 12.Ne2 Bb7 13.Nd4 Qc7 14.Bg5 Bc5 15.Nb3 Bd6
16.Nd2 Bh2+ 17.Kf1 Bf4 18.Bxf4 Qxf4 19.Nc4 d5 20.exd5 Bxd5 21.Ne5 Qh2 22.f3 h4
23.c4 bxc3 24.bxc3 Rh5 25.Qa4+ Kf8 26.Ng4 Nxg4 27.Qxg4 Rh6 28.Rad1 Rf6 29.Be4 Rb8
30.Rd2 Rf4 31.Qh5 Bc4+ 32.Bd3 Bxd3+ 33.Rxd3 Qh1+ 34.Kf2 Rb2+ 35.Re2 Rxe2+
36.Kxe2 Qxg2+ 37.Ke3 Qg1+ 38.Kxf4 Qg3+ 39.Ke4  1-0

[Event "zt 2.4"]
[Site "Sao Paulo BRA"]
[Date "2000.06.08"]
[Round "4"]
[White "Leitao,R"]
[Black "Sunye Neto,J"]
[Result "1/2-1/2"]
[WhiteElo "2565"]
[BlackElo "2555"]

1.e4 c5 2.Nf3 e6 3.d4 cxd4 4.Nxd4 Nc6 5.Nc3 Qc7 6.g3 a6 7.Bg2 Nf6 8.O-O d6
9.Nxc6 bxc6 10.Na4 Be7 11.c4 O-O 12.Be3 Rb8 13.Qe2 c5 14.Nc3 Nd7 15.f4 Bf6
16.Rad1 Bd4 17.Rxd4 cxd4 18.Bxd4 Bb7 19.Rd1 e5 20.Be3 exf4 21.Bxf4 Ne5 22.b3 Rfe8
23.Qd2 Rbd8 24.Nd5 Bxd5 25.Qxd5 h6 26.h3 a5 27.Rd4 Qb6 28.Kh2 a4 29.bxa4 Ra8
30.Qxd6 Qxd6 31.Rxd6 Nxc4 32.Rd4 Rxa4 33.h4 Nb6 34.Rd6 Nc8 35.Rd2 Ne7 36.e5 Ra6
37.Bf1 Ra3 38.Bc4 Nc6 39.Rd7 Re7 40.Rd6 Nxe5 41.Rd8+ Kh7 42.Bxe5 Rxe5 43.Bxf7 Rf3
44.Bb3 Re2+ 45.Kh3 Ree3 46.Bc2+ g6 47.h5 Rxg3+ 48.Kh4 Kg7 49.hxg6 Rh3+  1/2-1/2

[Event "ch-IND Women"]
[Site "Mumbai IND"]
[Date "2000.06.09"]
[Round "4"]
[White "Aarthie,R"]
[Black "Baisakhi Das"]
[Result "1-0"]
[WhiteElo "2219"]
[BlackElo "2135"]

1.e4 c5 2.Nf3 e6 3.d4 cxd4 4.Nxd4 Nc6 5.Nc3 Qc7 6.Be2 Nf6 7.O-O Nxd4 8.Qxd4 Bc5
9.Qd3 a6 10.Kh1 b5 11.f4 h5 12.e5 Ng4 13.Ne4 Bb7 14.Nxc5 Qxc5 15.Bf3 Bc6
16.Qe2 O-O-O 17.a4 Kb7 18.axb5 Qxb5 19.c4 Qb4 20.Bd2 Qe7 21.Ba5 Rb8 22.Be1 Nh6
23.c5 Ra8 24.Bxc6+ dxc6 25.Rf3 Qxc5 26.Rb3+ Kc7 27.Bb4 Qd5 28.Bd6+ Kd7 29.Rb7+ Kc8
30.Rb8+ Rxb8 31.Qxa6+ Kd8 32.Bxb8 Qb5 33.Rd1+ Ke7 34.Qa7+  1-0

[Event "zt 1.7"]
[Site "Mezezers LAT"]
[Date "2000.06.10"]
[Round "5"]
[White "Meijers,V"]
[Black "Kulaots,K"]
[Result "1/2-1/2"]
[WhiteElo "2482"]
[BlackElo "2499"]

1.e4 c5 2.Nf3 e6 3.d4 cxd4 4.Nxd4 Nc6 5.Nc3 Qc7 6.Be2 a6 7.O-O Nf6 8.Be3 Be7
9.f4 d6 10.Kh1 O-O 11.a4 Re8 12.Nb3 b6 13.Rf3 Bf8 14.Qe1 Rb8 15.Qh4 Ne7 16.Rh3 d5
17.e5 Nf5 18.Qe1 Ne4 19.Bg1 Bb7 20.Nd4 Bc5 21.Rd1 Nxd4 22.Bxd4 Bxd4 23.Rxd4 Qc5
24.Rhd3 Nxc3 25.bxc3 a5 26.Rh3 Qe7 27.Bd3 g6 28.Qe3 Rbc8 29.Bb5 Bc6 30.Ba6 Rc7
31.g4 f6 32.Kg1 Qg7 33.Rf3 fxe5 34.fxe5 Qe7 35.Rf6 Qc5 36.h4 b5 37.axb5 Bxb5
38.Bxb5 Qxb5 39.Kh2 Qb2 40.Qg5 Qxc2+ 41.Rd2 Qe4 42.Rdf2 Rxc3 43.Rf8+ Rxf8  1/2-1/2

[Event "IM"]
[Site "Stockholm SWE"]
[Date "2000.06.10"]
[Round "1"]
[White "Olsson,An"]
[Black "Sjoberg,M"]
[Result "0-1"]
[WhiteElo "2222"]
[BlackElo "2352"]

1.e4 c5 2.Nf3 e6 3.d4 cxd4 4.Nxd4 Nc6 5.Nc3 Qc7 6.g3 a6 7.Bg2 Nf6 8.O-O Bc5
9.Nb3 Ba7 10.Bg5 Ne5 11.Kh1 h6 12.Bxf6 gxf6 13.Qh5 b5 14.f4 Nc4 15.f5 Qe5
16.Qh4 Bb7 17.fxe6 dxe6 18.Rxf6 Qg5 19.Qxg5 hxg5 20.Raf1 Ne5 21.h3 b4 22.Ne2 Rd8
23.c3 bxc3 24.bxc3 Rd3 25.Nbd4 Ke7 26.R6f2 Rh7 27.Rb1 Ba8 28.Rff1 Nc4 29.Rb4 Ne3
30.Rfb1 Bxd4 31.cxd4 Nxg2 32.Kxg2 Bxe4+ 33.Kh2 Rd2 34.R1b2 Rd1 35.Ng1 Rh8
36.Rf2 Rc8 37.h4 Rcc1 38.d5 Bxd5 39.hxg5 Rxg1 40.Kh3 Rc3 41.Rg4 Rh1+ 42.Rh2 Rxh2+  0-1

[Event "zt 1.9"]
[Site "Ordzhonikidze UKR"]
[Date "2000.06.11"]
[Round "3"]
[White "Baklan,V"]
[Black "Malakhatko,V"]
[Result "1/2-1/2"]
[WhiteElo "2571"]
[BlackElo "2568"]

1.e4 c5 2.Nf3 e6 3.Nc3 Nc6 4.d4 cxd4 5.Nxd4 Nf6 6.Ndb5 d6 7.Bf4 e5 8.Bg5 a6
9.Na3 b5 10.Nd5 Be7 11.Bxf6 Bxf6 12.c3 Ne7 13.Nxf6+ gxf6 14.Nc2 Bb7 15.Bd3 d5
16.exd5 Qxd5 17.Ne3 Qe6 18.a4 Rd8 19.Qc2 b4 20.Bc4 Qc8 21.Qb3 O-O 22.Qxb4 Ng6
23.Qb6 Kg7 24.O-O Nh4 25.f3 Rd2 26.Rf2 Rfd8 27.Bf1 Rxf2 28.Kxf2 f5 29.Nc4 Qb8
30.Kg1 e4 31.fxe4 fxe4 32.Qf2 Ng6 33.Ne3 Bc8 34.Rd1 Re8 35.Bc4 Qc7 36.b3 a5
37.Rf1 Be6 38.Bxe6 Rxe6 39.Nd5 Qd7 40.c4 Re5 41.Qf6+ Kf8 42.Qb6 Kg7 43.Ne3 f5
44.Rd1 Qe7 45.Qd8 Qxd8 46.Rxd8 f4 47.Rd7+ Kf8 48.Nc2 h5 49.Kf1 h4 50.h3 Ne7
51.Nd4 Ke8 52.Rb7 e3 53.Rb5 Re4 54.Ne2 Nc6 55.Rf5 Nd4 56.Rxf4 Rxf4+ 57.Nxf4 Nxb3
58.Ke2 Nc5 59.Kxe3 Nxa4 60.Kd4 Nb6 61.c5 Nd7 62.c6 Nb6 63.Kc5 Nc8 64.Ng6 a4
65.Kb4 Na7 66.c7 Kd7 67.Kxa4 Kxc7 68.Kb4 Kd6 69.Kc3 Ke6 70.Nxh4 Ke5 71.Ng6+ Kf5
72.Ne7+ Ke6 73.Ng8 Kf5 74.Kd3 Nc6 75.g3 Kg6 76.Ke4 Kg7 77.Kd5 Nb4+ 78.Kc4 Nc6
79.Kc5 Nd8 80.Ne7 Kf6 81.Nd5+ Ke5 82.Nf4 Nf7 83.Kc6 Kf5 84.Kd5 Ng5 85.h4 Nf3
86.h5 Kg5 87.Ke6 Nd4+ 88.Ke5 Nf3+ 89.Ke4 Nh2 90.Ke3 Ng4+ 91.Kf3 Nf6 92.g4 Nxg4  1/2-1/2

[Event "ch-IND Women"]
[Site "Mumbai IND"]
[Date "2000.06.12"]
[Round "6"]
[White "Dhar,S"]
[Black "Baisakhi Das"]
[Result "1-0"]
[WhiteElo "2185"]
[BlackElo "2135"]

1.e4 c5 2.Nf3 e6 3.d4 cxd4 4.Nxd4 Nc6 5.Nc3 Qc7 6.Be2 Nf6 7.Be3 a6 8.O-O Be7
9.f4 d6 10.a4 O-O 11.Kh1 Nxd4 12.Qxd4 e5 13.Qd2 Be6 14.f5 Bc4 15.g4 Qc6 16.Bxc4 Qxc4
17.Qg2 d5 18.Nxd5 Nxd5 19.exd5 Rac8 20.Rf2 Rfd8 21.Rd2 Bb4 22.c3 Bc5 23.Re1 Bd6
24.Bg5 f6 25.Re4 Qa2 26.Bh4 h6 27.Qe2 Bb8 28.Qd1 Rd7 29.Bf2 b5 30.axb5 axb5
31.Rb4 Qa6 32.Qb3 Bd6 33.Rxb5 Qa1+ 34.Rd1 Qa8 35.c4 Rb8 36.Rxb8+ Bxb8 37.c5 Kh7
38.c6 Rd8 39.Qc4 Bc7 40.Bc5 Qb8 41.b4 Qa8 42.b5  1-0

[Event "ch-IND Women"]
[Site "Mumbai IND"]
[Date "2000.06.12"]
[Round "6"]
[White "Aarthie,R"]
[Black "Singh,Ne"]
[Result "1/2-1/2"]
[WhiteElo "2219"]
[BlackElo "2019"]

1.e4 c5 2.Nf3 Nc6 3.d4 cxd4 4.Nxd4 e6 5.Nc3 Qc7 6.Be2 a6 7.O-O Nf6 8.Kh1 Be7
9.f4 d6 10.Be3 O-O 11.Qe1 Re8 12.Qg3 Bf8 13.Rad1 Bd7 14.Nb3 Rad8 15.e5 Nd5
16.Rxd5 exd5 17.Nxd5 Qb8 18.Nf6+ Kh8 19.Nxe8 Rxe8 20.exd6 Bxd6 21.Bc4 f6
22.c3 Ne7 23.Nd4 Nf5 24.Nxf5 Bxf5 25.Qf2 Be4 26.Rd1 Qc7 27.Bb3 Qc6 28.Bd4 b5
29.h3 a5 30.Bf7 Rd8 31.Re1 Qb7 32.Bh5 a4 33.Qe2 Bd5 34.Bf3 h6 35.Bxd5 Qxd5
36.Qe4 Qxa2 37.Bb6 Rc8  1/2-1/2

[Event "zt 1.5"]
[Site "Yerevan ARM"]
[Date "2000.06.13"]
[Round "7"]
[White "Khachian,M"]
[Black "Halkias,S"]
[Result "0-1"]
[WhiteElo "2462"]
[BlackElo "2482"]

1.e4 c5 2.Nc3 Nc6 3.Nf3 e6 4.d4 cxd4 5.Nxd4 Nf6 6.Nxc6 bxc6 7.e5 Nd5 8.Ne4 Bb7
9.c4 Nb4 10.Bd2 c5 11.Bxb4 Bxe4 12.Bc3 Qc7 13.Qg4 Qc6 14.f3 Bf5 15.Qf4 d6
16.Rd1 dxe5 17.Qxe5 f6 18.Qe3 Be7 19.Bd3 Bxd3 20.Rxd3 Kf7 21.Kf2 Rad8 22.Rhd1 Rxd3
23.Rxd3 Rb8 24.f4 Qa4 25.Qe4 Qc2+ 26.Kf3 f5 27.Qe2 Qxe2+ 28.Kxe2 Rb7 29.Kd2 g5
30.g3 h5 31.Be5 gxf4 32.gxf4 Bf6 33.Kc3 Bxe5+ 34.fxe5 Kg6 35.Rd6 Re7 36.Kd3 Kg5
37.Ke3 f4+ 38.Ke4 Rf7 39.Rxe6 f3  0-1

[Event "ch-IND Women"]
[Site "Mumbai IND"]
[Date "2000.06.14"]
[Round "8"]
[White "Dhar,S"]
[Black "Singh,Ne"]
[Result "1-0"]
[WhiteElo "2185"]
[BlackElo "2019"]

1.e4 c5 2.Nf3 Nc6 3.d4 cxd4 4.Nxd4 e6 5.Nc3 Qb6 6.Nb3 Nf6 7.Be2 a6 8.O-O Be7
9.Be3 Qc7 10.f4 d6 11.a4 b6 12.Bf3 Bb7 13.Qe1 O-O 14.Qg3 Nd7 15.Rad1 Bf6
16.Kh1 Nc5 17.Nxc5 bxc5 18.e5 dxe5 19.Ne4 Be7 20.Nxc5 Bxc5 21.Bxc5 exf4 22.Qf2 Rfe8
23.Bd6 Qc8 24.Bxf4 Nb4 25.Bd6 a5 26.Bh5 f6 27.Bxe8 Qxe8 28.c3 Nd5 29.c4 Qc6
30.cxd5 Qxd6 31.dxe6 Qxe6 32.Rfe1 Be4 33.Qf4 Re8 34.Re2 Qc4 35.Qd2 Qxa4 36.Qd4 Qc6
37.Qc3 Qb5 38.Red2 Qg5 39.Qc4+ Kf8 40.Rf2 Qe5 41.Kg1 Bf5 42.Qd5 Be4 43.Qxe5 Rxe5
44.Rd7 Re7 45.Rfd2 Bc6 46.Rxe7 Kxe7 47.Kf2 Ke6 48.Ke3 Bd5 49.g3 f5 50.Kd4 Kd6
51.Rc2 Be4 52.Rc5 a4 53.Ra5 Bc2 54.Ra6+ Ke7 55.Ke5 Kf7 56.Rc6 Bd3 57.Rc3 Bb5
58.Kxf5 Bd7+ 59.Ke5 h5 60.Rc7 Ke7 61.h4  1-0

[Event "IHEM"]
[Site "Hamburg GER"]
[Date "2000.06.15"]
[Round "6"]
[White "Hector,J"]
[Black "Buhr,CC"]
[Result "0-1"]
[WhiteElo "2515"]
[BlackElo "2335"]

1.e4 c5 2.Nf3 e6 3.d4 cxd4 4.Nxd4 Nc6 5.Nc3 Qc7 6.Be3 a6 7.Bd3 Nf6 8.O-O Ne5
9.Nf3 Bc5 10.Bxc5 Qxc5 11.Na4 Qa5 12.Nxe5 Qxe5 13.Nb6 Rb8 14.Nc4 Qh5 15.e5 Qxd1
16.Nd6+ Kf8 17.Raxd1 Ne8 18.Be4 Nxd6 19.Rxd6 b5 20.b4 Ke7 21.Rfd1 f5 22.Bf3 Rd8
23.Kf1 Bb7 24.Bxb7 Rxb7 25.Rxa6 Rc8 26.Rd2 Rc4 27.a3 Re4 28.Re2 Rd4 29.Ke1 Rc7
30.Ra5 Rc3 31.Ra7 Rd5 32.f4 Rc4 33.g3 Rcd4 34.Kf2 Rc4 35.Ra8 Kf7 36.Ke1 Rcd4
37.Rc8 h6 38.Rh8 Rd1+ 39.Kf2 Ra1 40.Ra8 g5 41.fxg5 hxg5 42.h3 Rh1 43.Kg2 Rdd1
44.Rd8 Rdg1+ 45.Kf3 Rxh3 46.Rg2 Rd1 47.a4 bxa4 48.Ra8 Rd5 49.Rxa4 Rxe5 50.Rd2 f4
51.Rxd7+ Kf6 52.Kf2 Rh2+ 53.Kg1 Rxc2 54.Rd1 f3 55.g4 Re4  0-1

[Event "ch-IND Women"]
[Site "Mumbai IND"]
[Date "2000.06.16"]
[Round "9"]
[White "Singh,Ne"]
[Black "Baisakhi Das"]
[Result "1-0"]
[WhiteElo "2019"]
[BlackElo "2135"]

1.e4 c5 2.Nf3 e6 3.d4 cxd4 4.Nxd4 Nc6 5.Nc3 Qc7 6.Be3 a6 7.Bd3 Nf6 8.O-O b5
9.Nb3 Bb7 10.f4 d6 11.Qf3 Be7 12.Qh3 Nb8 13.Nd2 Nbd7 14.a4 b4 15.Ne2 d5 16.e5 Ne4
17.Nf3 Bc5 18.Bxc5 Ndxc5 19.f5 O-O-O 20.Ned4 Kb8 21.fxe6 fxe6 22.Kh1 Bc8
23.Qh4 h6 24.Qe1 g5 25.Qxb4+ Ka8 26.Qe1 g4 27.Nd2 Nxd2 28.Qxd2 Qxe5 29.Nc6 Qg7
30.Nxd8 Rxd8 31.Qa5 Qe7 32.Bg6 Rf8 33.b4 Nd7 34.Bd3 Nb8 35.Rxf8 Qxf8 36.Qc7 Qe8
37.Rf1 Qd7 38.Qxd7 Nxd7 39.Rf7 Ne5 40.Rh7 Nxd3 41.cxd3 Kb8 42.d4 h5 43.Kg1 Bb7
44.Kf2 Bc6 45.a5 Kc8 46.Kg3 Be8 47.Kf4 Bg6 48.Rg7 Be4 49.g3 Bd3 50.Kg5 Kd8
51.Kxh5 Be2 52.Rxg4 e5 53.dxe5 d4 54.Kg5  1-0

[Event "TCh-POR"]
[Site "Aveiro POR"]
[Date "2000.06.18"]
[Round "5"]
[White "Galvao,H"]
[Black "Gaspar,A"]
[Result "1/2-1/2"]
[WhiteElo "2189"]
[BlackElo "2177"]

1.e4 c5 2.Nf3 e6 3.d4 cxd4 4.Nxd4 Nc6 5.Nc3 Qc7 6.Be2 a6 7.Be3 Nf6 8.O-O Be7
9.f4 d6 10.Qe1 O-O 11.Qg3 Bd7 12.Kh1 b5 13.a3 Nxd4 14.Bxd4 Bc6 15.Rad1 Qb7
16.Bd3 g6 17.Rde1 b4 18.axb4 Qxb4 19.Ne2 Nxe4 20.Qe3 f5 21.Nc3 d5 22.Ra1 a5
23.Ne2 a4 24.Bc3 Qc5 25.Bd4 Qd6 26.Be5 Qd7 27.Nd4 Bf6 28.Nf3 Qa7 29.Qe1 Qb7
30.Qe3 Bb5 31.Qd4 Be7 32.Qe3 Bc5 33.Bd4 Bxd4 34.Qxd4 Rfb8 35.Qe5 Re8 36.Qd4 Rab8
37.b3 axb3 38.Ra7 e5 39.Nxe5 Qb6 40.Qxd5+ Qe6 41.Qd4 Qb6 42.Bc4+ Bxc4 43.Qxc4+ Re6
44.Nd7 Qxa7 45.Qxe6+ Kg7 46.Qe7+ Kh6 47.g4 Qb7 48.Rf3 fxg4 49.Qh4+ Kg7  1/2-1/2

[Event "IHEM"]
[Site "Hamburg GER"]
[Date "2000.06.18"]
[Round "9"]
[White "Lanka,Z"]
[Black "Buhr,CC"]
[Result "1-0"]
[WhiteElo "2503"]
[BlackElo "2335"]

1.e4 c5 2.Nf3 Nc6 3.d4 cxd4 4.Nxd4 e6 5.Nc3 Qc7 6.Be2 a6 7.O-O Nf6 8.Kh1 Be7
9.f4 d6 10.Be3 O-O 11.Qe1 Bd7 12.Qg3 Kh8 13.a3 Rab8 14.Rad1 b5 15.e5 Ne8
16.Bd3 f5 17.exf6 gxf6 18.f5 Nxd4 19.Bxd4 e5 20.Nd5 Qd8 21.Ba7 Rb7 22.Be3 Nc7
23.Be4 Bc6 24.Nxf6 Bxe4 25.Nxe4 Rg8 26.Qf3 Rb8 27.f6 Bf8 28.Ng5 Qd7 29.Qh3 Rd8
30.Rf5 Rg6 31.Nxh7  1-0

[Event "11th Open"]
[Site "Ljubljana SLO"]
[Date "2000.06.18"]
[Round "2"]
[White "Filipenko,A"]
[Black "Gjuran,D"]
[Result "1-0"]
[WhiteElo "2370"]
[BlackElo "2125"]

1.e4 c5 2.Nf3 e6 3.d4 cxd4 4.Nxd4 Nc6 5.Nc3 Qc7 6.f4 Nxd4 7.Qxd4 a6 8.Bd3 b5
9.Bd2 Bb7 10.a4 b4 11.Na2 a5 12.Nc1 Nf6 13.Nb3 Rc8 14.O-O Bc5 15.Nxc5 Qxc5
16.Qxc5 Rxc5 17.Rfe1 d5 18.exd5 Rxd5 19.Bb5+ Ke7 20.Be3 Rc8 21.c4 bxc3 22.bxc3 Rxc3
23.Rac1 Ne4 24.Bb6 Rxc1 25.Rxc1 Nd6 26.Rc7+ Kf6 27.Bxa5 Nxb5 28.Rxb7 Nd6
29.Bc3+ Kf5 30.Rb1 f6 31.a5 Ne4 32.Be1 Rd6 33.g3 Ra6 34.Kg2 Nd6 35.Kf3 e5
36.g4+ Ke6 37.Rc1 exf4 38.Kxf4 Kd7 39.h4 h6 40.h5 Ra7 41.Ra1 Ra6 42.Bb4 Ke6
43.Re1+ Kf7 44.Rc1 Ne8 45.Rc8 Ra7 46.Ke4 Rb7 47.Bc5 Nc7 48.Bb6 Ne8 49.Kd5 Re7
50.a6 Re5+ 51.Kc6 Re6+ 52.Kc5 Re5+ 53.Kb4 Re4+ 54.Rc4  1-0

[Event "ch-IND Women"]
[Site "Mumbai IND"]
[Date "2000.06.18"]
[Round "11"]
[White "Thipsay,B"]
[Black "Baisakhi Das"]
[Result "1-0"]
[WhiteElo "2247"]
[BlackElo "2135"]

1.e4 c5 2.Nf3 e6 3.d4 cxd4 4.Nxd4 Nc6 5.Nc3 Qc7 6.Be2 a6 7.Be3 Nf6 8.O-O Be7
9.f4 d6 10.a4 O-O 11.Kh1 Nxd4 12.Qxd4 e5 13.Qd3 exf4 14.Bxf4 Be6 15.Rad1 Rad8
16.Rd2 Ne8 17.Nd5 Bxd5 18.exd5 Bf6 19.c4 Qa5 20.Qa3 Qc7 21.a5 Qe7 22.Qg3 Bh4
23.Qh3 Bg5 24.Bd3 g6 25.Re2 Qf6 26.Qe3 Ng7 27.Qc1 Bxf4 28.Rxf4 Qg5 29.Qf1 Rde8
30.Ref2 Qe7 31.Re4 Qg5 32.b4 Qd8 33.Rxe8 Nxe8 34.Qa1 Nc7 35.Qd4 Qd7 36.Rf1 Re8
37.Qa7 Na8 38.b5 axb5 39.a6 Qc7 40.axb7 Nb6 41.c5 Nxd5 42.Bxb5 Rf8 43.c6 Qb8
44.Qxb8 Rxb8 45.Bc4 Ne7 46.Rxf7 Nxc6 47.Rc7+ Kh8 48.Bd5 Na7 49.Be6 Nc6 50.Bc8 Nd8
51.Kg1 Nxb7 52.Bxb7 d5 53.Rc8+ Rxc8 54.Bxc8 Kg7 55.Bb7 d4 56.Be4 Kf6 57.Kf2 Kg5
58.Kf3 Kf6 59.Bd3 Ke5 60.Kg4 Kf6 61.Kf4 Kg7 62.Ke5 Kf7 63.Kxd4 Kf6 64.Kd5 Ke7
65.Ke5 Kf7 66.Bc4+ Kg7 67.Ke6 h6 68.Bd3 h5 69.h4  1-0

[Event "ch-IND Women"]
[Site "Mumbai IND"]
[Date "2000.06.19"]
[Round "12"]
[White "Singh,Ne"]
[Black "Swathi,G"]
[Result "1/2-1/2"]
[WhiteElo "2019"]
[BlackElo "2297"]

1.e4 c5 2.Nf3 e6 3.d4 cxd4 4.Nxd4 Nc6 5.Nc3 Qc7 6.Be3 a6 7.Bd3 Nf6 8.O-O Bd6
9.g3 Nxd4 10.Bxd4 Be5 11.Be2 Bxd4 12.Qxd4 d6 13.Rad1 b5 14.a4 bxa4 15.Qxd6 Qxd6
16.Rxd6 Bb7 17.f3 a3 18.Rb6 Ra7 19.bxa3 Nd7 20.Rd6 Ke7 21.Rfd1 Nc5 22.R6d4 Rc8
23.R1d2 Bc6 24.Kf2 Rac7 25.Ke1 f6 26.Nd5+ exd5 27.exd5 Bxd5 28.Rxd5 a5 29.Bb5 a4
30.R5d4 Ra8 31.Rh4 h6 32.Rg4 Kf8 33.Rgd4 Ke7 34.Re2+ Kf8 35.Rd6 Rb8 36.Rc6 Rxc6
37.Bxc6 Rb2 38.Kd2 Rb6 39.Be8 Rb8 40.Bg6 Nd7 41.f4 Nb6 42.Re4 Rd8+ 43.Kc1 Rc8
44.Rb4 Rc6 45.Bd3 g5 46.fxg5 fxg5 47.Bb5 Rc5 48.Bxa4 Nc4 49.Bb3 Nxa3 50.Ra4 Nb5
51.Ra5 Rf5 52.Bc4 Nd6 53.Rxf5+ Nxf5 54.Bd3 Nd4 55.Be4 Ke7 56.Kd2 Kd6 57.c3 Ne6
58.Kd3  1/2-1/2

[Event "zt 1.4"]
[Site "Budapest HUN"]
[Date "2000.06.20"]
[Round "4"]
[White "Radulski,J"]
[Black "Macieja,B"]
[Result "0-1"]
[WhiteElo "2421"]
[BlackElo "2538"]

1.e4 c5 2.Nc3 e6 3.Nf3 Nc6 4.d4 cxd4 5.Nxd4 Qc7 6.Be2 a6 7.O-O Nf6 8.Be3 Bb4
9.Na4 Be7 10.Nxc6 bxc6 11.Nb6 Rb8 12.Nxc8 Qxc8 13.e5 Nd5 14.Bc1 Bc5 15.Qd3 Qc7
16.Qe4 O-O 17.Bd3 f5 18.exf6 Nxf6 19.Qh4 d5 20.b3 e5 21.Bd2 a5 22.Kh1 e4
23.Be2 a4 24.Rad1 Qa7 25.Bf4 Rbe8 26.Bg3 axb3 27.axb3 Qa2 28.Qg5 Qxc2 29.Qc1 Qxe2
30.Qxc5 Re6 31.Rfe1 Qa2 32.b4 Nh5 33.Bd6 Qxf2 34.Ra1 Qxc5 35.Bxc5 Rfe8 36.Ra7 Nf6
37.Re3 Rd8 38.Rg3 Rd7 39.Ra6 d4 40.b5 d3  0-1

[Event "ch-IND Women"]
[Site "Mumbai IND"]
[Date "2000.06.20"]
[Round "13"]
[White "Thipsay,B"]
[Black "Singh,Ne"]
[Result "1/2-1/2"]
[WhiteElo "2247"]
[BlackElo "2019"]

1.e4 c5 2.Nf3 Nc6 3.d4 cxd4 4.Nxd4 e6 5.Nc3 Qb6 6.Nb3 Nf6 7.Bd3 a6 8.O-O Be7
9.Kh1 d6 10.f4 h5 11.Qe2 Ng4 12.Nd1 Bf6 13.c3 Bd7 14.Ne3 O-O-O 15.Nxg4 hxg4
16.Be3 Qc7 17.Qxg4 Rh4 18.Qe2 Rdh8 19.h3 Qd8 20.Nd2 Ne7 21.Nf3 R4h5 22.Bxa6 e5
23.f5 Bc6 24.Bb5 Bxe4 25.Qc4+ Bc6 26.Bxc6 Nxc6 27.Nh2 Qd7 28.Rad1 Bd8 29.b4 Bc7
30.b5 Na5 31.Qd5 Rh4 32.Bf2 Ra4 33.c4 Ra3 34.Bc5 Rxa2 35.Bb4 Rh4 36.c5 Ra4
37.Bxa5 Rxa5 38.c6 Qe8 39.cxb7+ Kb8 40.Qc6 Qxc6 41.bxc6 Rc4 42.f6  1/2-1/2

[Event "Balatontourist Open"]
[Site "Budapest HUN"]
[Date "2000.06.21"]
[Round "6"]
[White "Letay,G"]
[Black "Szabo,K"]
[Result "1-0"]
[WhiteElo "2198"]
[BlackElo "2031"]

1.e4 c5 2.Nc3 e6 3.Nge2 Nc6 4.d4 cxd4 5.Nxd4 Nf6 6.Be3 Bb4 7.Bd3 d5 8.exd5 Nxd5
9.Nxc6 bxc6 10.O-O Bxc3 11.bxc3 Nxe3 12.fxe3 O-O 13.Qf3 Qg5 14.Rab1 e5 15.Qe4 g6
16.Rf3 Be6 17.c4 c5 18.Rbf1 Rfe8 19.h4 Qh6 20.Rf6 Bf5 21.Qxf5 Qxe3+ 22.Qf2 Qxf2+
23.R1xf2  1-0

[Event "zt 1.4"]
[Site "Budapest HUN"]
[Date "2000.06.22"]
[Round "6"]
[White "Manik,M"]
[Black "Horvath,Jo"]
[Result "1/2-1/2"]
[WhiteElo "2469"]
[BlackElo "2557"]

1.e4 c5 2.Nf3 e6 3.d4 cxd4 4.Nxd4 Nc6 5.Nc3 Qc7 6.f4 Nxd4 7.Qxd4 a6 8.Be3 b5
9.Be2 Bb7 10.Bf3 Rc8 11.O-O Ne7 12.a3 d5 13.Kh1 dxe4 14.Bxe4 Bxe4 15.Qxe4 Nf5
16.Bg1 Be7 17.Rfe1 O-O 18.Re2 Rfd8 19.g3 h5 20.Nd1 Bc5 21.Bxc5 Qxc5 22.c3 Nd6
23.Qg2 Qc4 24.Ne3 Qb3 25.Qf3 g6 26.Rd2 Nc4 27.Nxc4 Qxc4 28.Rad1 Rxd2 29.Rxd2 a5
30.Kg2 Qc5 31.Qe4  1/2-1/2

[Event "XVIII Open"]
[Site "Andorra AND"]
[Date "2000.06.24"]
[Round "1"]
[White "Flores Escuin,S"]
[Black "Al Modiahki,M"]
[Result "0-1"]
[WhiteElo "2136"]
[BlackElo "2538"]

1.e4 c5 2.Nf3 e6 3.d4 cxd4 4.Nxd4 Nc6 5.Nc3 Qc7 6.Be2 a6 7.Be3 Nf6 8.a3 d6
9.Qd2 Be7 10.f4 O-O 11.Nxc6 bxc6 12.Bf3 Rb8 13.Rb1 d5 14.O-O Rd8 15.Qf2 c5
16.e5 d4 17.exf6 dxe3 18.Qxe3 Bxf6 19.Kh1 Bd4 20.Qe1 Qa5 21.Nd1 Qxe1 22.Rxe1 Bf6
23.c3 a5 24.Kg1 Ba6 25.Nf2 g6 26.Ne4 Be7 27.Be2 Bb7 28.Bf3 Bd5 29.Re2 Bb3
30.Rbe1 Rb6 31.Rd2 Rxd2 32.Nxd2 Ba2 33.b3 Bxb3 34.Rb1 c4 35.a4 Bxa4 36.Rxb6 Bc5+
37.Kf1 Bxb6 38.Nxc4 Bc7 39.g3 Kf8 40.Ke1 Ke7 41.Kd2 h5 42.Ne5 Be8 43.c4 Bb6
44.Be4 Kd6 45.Kc3 Bg1 46.Nf3 Bf2 47.Bb7 Kc5 48.Ba6 f6 49.Bc8 e5 50.fxe5 fxe5
51.Be6 Bc6  0-1